Twenty One Pilots - Sudden Death 2 - Statistics

General Stats
  • This quiz has been taken 568 times
    544 since last reset
  • The average score is 9 of 16
Answers on the Grid
Answers color-coded by a green-red scale on the quiz's grid according to % correct below.
Heavydirtysoul
Lovely
Blasphemy
Tonight
No Chances
I'm A Goner
Pet cheetah
The Pantaloon
My Judge
I'm drowning
Level of Concern
Christmas Saves the Year
Hole In The Ground
So Far Away
Neon Gravestones
Next Semester
At The Risk of Feeling Dumb
Crash
Nico And The Fighters
Before You Start Your Day
Doubt
Ode To Peace
Glowing Eyes
Holding On To You
Field of Bishops
Redecorate
By Your Side
If
Midwest Indigo
Clancy
 
Answer Stats
Answer % Correct
Heavydirtysoul
95%
Lovely
67%
No Chances
65%
Pet cheetah
60%
The Pantaloon
55%
Level of Concern
53%
Next Semester
53%
Neon Gravestones
52%
At The Risk of Feeling Dumb
51%
Doubt
50%
Midwest Indigo
48%
Christmas Saves the Year
47%
Redecorate
47%
Holding On To You
46%
Before You Start Your Day
35%
Glowing Eyes
34%
No matching quizzes found
Score Distribution
Percent of People with Each Score
Percentile by Number Answered
Your Score History
You have not taken this quiz since the last reset